00862nam a2200193 a 450000100100000000500170001000800410002704000250006808200150009310000480010824501120015626000640026830000420033270000370037404900090041195201130042095201180053399900170065100002944220240315194914.0110415s1999 dr abd 000 | spa d aDO-SdBNPbspacBNPHU axxxbM766e1 aMontás, Juan Temístocles d1950-97967610aEstadísticas seleccionadas de República Dominicana /cTemístocles Montás, Martiza Rossi de Pérez. aSanto Domingo :bOficina Nacional de Estadísticas,c1999. a32 p. :bil., mapas, diagr. ;c21 cm.1 aPérez, Martiza Rossi de956319 aBNPD 0010718PDaPDbPDcCTd2011-04-15iLF1l0oxxx M766ep29442-10r2020-06-25w2020-06-25yLFPDZNo se presta 0010718PDaPDbPDcCTd2011-04-19iLF1l0oxxx M766ep29442-20r2020-06-25te.2w2020-06-25yLFPDZNo se presta c28934d28934